00469nam a2200169Ia 450000500170000000800410001702000140005804000190007204100120009108200180010310000190012124500740014026000320021430000200024665000220026685000110028820240420133320.0131103s9999 xx 000 0 und d a706924061 aLoreto College aEnglish a370.954 bAGG aAggarwal, J.C. aLandmarks in the History of the Modern Indian EducationcJ.C.Aggarwal aNew DelhibVikas pub.c1996 aix,475p.b ill. aEducation - India aLCBED